000 00692nam a2200181 i 4500
001 87025
003 ES-MaACL
005 20230906175556.0
007 t|
008 041217m19381940ag a |||| | spa d
100 1 _aKlemperer, Georg.
_968245
245 1 0 _aTratado completo de clínica moderna, medicina, cirugía y especialidades /
_cpublicado bajo la dirección de Georg Klemperer y Félix Klemperer ; traducido del alemán por J. González Campo de Cos.
260 _aBuenos Aires :
_bJacobo Penser,
_c1938-1940.
300 _a9 v., 100 lám. :
_bil. ;
_c25 cm.
700 1 _aGonzález-Campo de Cos, José.
_958488
700 1 _aKlemperer, Félix.
_968244
852 _aES-MaACL
_jC-8489-97
999 _c87025
_d87025